Farnsworth's classical English style (Record no. 590789)

000 -LEADER
fixed length control field 01592cam a22003498i 4500
001 - CONTROL NUMBER
control field 21302923
003 - CONTROL NUMBER IDENTIFIER
control field NUST
005 - DATE AND TIME OF LATEST TRANSACTION
control field 20220825125627.0
008 - FIXED-LENGTH DATA ELEMENTS--GENERAL INFORMATION
fixed length control field 191122s2020 mau b 000 0 eng
010 ## - LIBRARY OF CONGRESS CONTROL NUMBER
LC control number 2019052915
020 ## - INTERNATIONAL STANDARD BOOK NUMBER
International Standard Book Number 9781567926651
Qualifying information (hardcover)
038 ## - RECORD CONTENT LICENSOR
Staff Name Azhar
040 ## - CATALOGING SOURCE
Original cataloging agency DLC
Language of cataloging eng
Description conventions rda
Transcribing agency DLC
042 ## - AUTHENTICATION CODE
Authentication code pcc
050 00 - LIBRARY OF CONGRESS CALL NUMBER
Classification number PE1421
Item number .F37 2020
082 00 - DEWEY DECIMAL CLASSIFICATION NUMBER
Classification number 808.02
Edition number 23
Author Mark FAR
100 1# - MAIN ENTRY--PERSONAL NAME
Personal name Farnsworth, Ward,
Dates associated with a name 1967-
Relator term author.
9 (RLIN) 96567
245 10 - TITLE STATEMENT
Title Farnsworth's classical English style
Statement of responsibility, etc. Ward Farnsworth.
246 30 - VARYING FORM OF TITLE
Title proper/short title Classical English style
260 ## - PUBLICATION, DISTRIBUTION, ETC.
Place of publication, distribution, etc. Boston
Name of publisher, distributor, etc. David R. Godine, Publisher,
Date of publication, distribution, etc. 2020
263 ## - PROJECTED PUBLICATION DATE
Projected publication date 2004
300 ## - PHYSICAL DESCRIPTION
Extent 145p
336 ## - CONTENT TYPE
Content type term text
Content type code txt
Source rdacontent
337 ## - MEDIA TYPE
Media type term unmediated
Media type code n
Source rdamedia
338 ## - CARRIER TYPE
Carrier type term volume
Carrier type code nc
Source rdacarrier
504 ## - BIBLIOGRAPHY, ETC. NOTE
Bibliography, etc. note Includes bibliographical references.
520 ## - SUMMARY, ETC.
Summary, etc. "Farnsworth's Classical English Style is third in a series about principles of good writing, derived from an earlier age in the life of the language. While books on style usually emphasize some general principles, this book spends a lot of time on details, providing numerous examples of the principles Farnsworth outlines. Farnsworth asks why good writing sounds that way through many small choices in words, rhythm, and the construction of sentences and explains how those choices put force into writing and speech"--
Assigning source Provided by publisher.
650 #0 - SUBJECT ADDED ENTRY--TOPICAL TERM
Topical term or geographic name entry element English language
General subdivision Style.
9 (RLIN) 96568
906 ## - LOCAL DATA ELEMENT F, LDF (RLIN)
a 7
b cbc
c orignew
d 1
e ecip
f 20
g y-gencatlg
942 ## - ADDED ENTRY ELEMENTS (KOHA)
Source of classification or shelving scheme
Koha item type Lincoln Corner
Holdings
Withdrawn status Lost status Source of classification or shelving scheme Damaged status Not for loan Permanent Location Current Location Shelving location Date acquired Full call number Barcode Date last seen Price effective from Koha item type
          Central Library (CL) Central Library (CL) Lincoln Corner 08/06/2022 808.02 FAR LC-303 08/06/2022 08/06/2022 Reference
© 2023 Central Library, National University of Sciences and Technology. All Rights Reserved.